00876nam a22002177a 4500999001900000005001700019010001500036020003000051035001400081037001300095082001300108100002100121245010300142260004100245270008100286300008300367500002800450700001800478942002700496952013500523 c177876d17787620210309143813.0 aENG-129174 a978-81-237-9200-2c170.00 aEN-112706 bDBAD/PUB a616.2414 aNagpal, Jitendra aCaught in Corona Conflict: an approach to the working population/cJitendra Nagpal and Tarun Uppal aNew DelhibNational Book Trustc2020 bNew Delhie110070aNehru Bhawan, 5 Institutional Area, Phase-II, Vasant Kunj axxiv+115p.c21cm(pbk)bIncluding illustrations and bibliographical references. aillustration: Fajruddin aUppal, Tarun  2ddccENh616.2414mNAG 001040708NFICaAVbAVd2021-03-09eDBAD/PUBg170.00l0o616.2414 NAGpEN-112706r2021-03-09 00:00:00t1v170.00w2021-03-09yEN